教育の百科事典= Encyclopedia of reimention of teaching

Đã lưu trong:
Bibliografiske detaljer
Format: Bog
Sprog:Undetermined
Udgivet: Japan 小貫 英 1957
Fag:
Tags: Tilføj Tag
Ingen Tags, Vær først til at tagge denne postø!
Thư viện lưu trữ: Trung tâm Học liệu Trường Đại học Cần Thơ
LEADER 00502nam a2200181Ia 4500
001 CTU_239667
008 210402s9999 xx 000 0 und d
082 |a 375.03 
082 |b E56/Vol.1 
245 0 |a 教育の百科事典= 
245 0 |b Encyclopedia of reimention of teaching 
260 |a Japan 
260 |b 小貫 英 
260 |c 1957 
650 |a Giáo dục,Education 
650 |z Nhật Bản,Japan 
910 |a Tuyến 
980 |a Trung tâm Học liệu Trường Đại học Cần Thơ